|
|
|
|
| LEADER |
00000nam0a2200000 4500 |
| 001 |
162476 |
| 005 |
20231101222326.0 |
| 010 |
|
|
|a 9785772903100
|
| 035 |
|
|
|a (RuTPU)RU\TPU\book\176210
|
| 035 |
|
|
|a RU\TPU\book\119860
|
| 090 |
|
|
|a 162476
|
| 100 |
|
|
|a 20070306d2008 m y0rusy50 ca
|
| 101 |
0 |
|
|a rus
|
| 102 |
|
|
|a RU
|
| 105 |
|
|
|a a j 001zy
|
| 200 |
1 |
|
|a Государственное регулирование рыночной экономики
|e учебник
|f Российская академия государственной службы при Президенте РФ; под ред. В. И. Кушлина
|
| 205 |
|
|
|a 3-е изд., доп. и перераб.
|
| 210 |
|
|
|a Москва
|c РАГС
|d 2008
|
| 215 |
|
|
|a 616 с.
|c ил.
|
| 225 |
1 |
|
|a Учебники Российской академии государственной службы при Президенте Российской Федерации
|
| 320 |
|
|
|a Библиография в конце разделов.
|
| 320 |
|
|
|a Глоссарий: с. 595-615.
|
| 330 |
|
|
|a В учебнике дано систематизированное изложение основ теории, методологии и достижений практики государственного регулирования современной рыночной экономики. Настоящее издание учебника дополнено новыми актуальными материалами и вносит усовершенствования в методическое оснашение тем в соответствии с накопленным опытом использования его в вузах страны. Учебник соответствует Государственному образовательному стандарту высшего профессионального образования по экономическим специальностям в части дисциплин, связанных с макроэкономическим регулированием, государственным и муниципальным управлением. Он может быть также использован в системе профессиональной переподготовки и повышения квалификации государственных и муниципальных служащих и в процессе образования работников предпринимательских и некоммерческих структур, интересующихся вопросами эффективного участия государства в экономике.
|
| 451 |
|
1 |
|0 (RuTPU)RU\TPU\book\119860
|y 5-7729-0171-0
|t Государственное регулирование рыночной экономики
|o учебник
|f Российская академия государственной службы при Президенте РФ; под ред. В. И. Кушлина
|e 3-е изд., доп. и перераб.
|c М.
|n РАГС
|d 2006
|p 616 с.
|s Учебники Российской академии государственной службы при Президенте Российской Федерации
|
| 606 |
1 |
|
|a Рыночная экономика
|x Теория
|2 stltpush
|3 (RuTPU)RU\TPU\subj\26444
|9 50370
|
| 606 |
1 |
|
|a Экономическая политика
|y Россия
|y СССР
|2 stltpush
|3 (RuTPU)RU\TPU\subj\26583
|9 50477
|
| 610 |
1 |
|
|a экономика
|
| 610 |
1 |
|
|a рынок
|
| 610 |
1 |
|
|a государственное регулирование
|
| 610 |
1 |
|
|a макроэкономическая политика
|
| 610 |
1 |
|
|a экономический рост
|
| 610 |
1 |
|
|a расширенное воспроизводство
|
| 610 |
1 |
|
|a инфраструктура рынка
|
| 610 |
1 |
|
|a собственность
|
| 610 |
1 |
|
|a антимонопольная политика
|
| 610 |
1 |
|
|a структурная политика
|
| 610 |
1 |
|
|a предпринимательство
|
| 610 |
1 |
|
|a бюджетное регулирование
|
| 610 |
1 |
|
|a налоги
|
| 610 |
1 |
|
|a цены
|
| 610 |
1 |
|
|a ценообразование
|
| 610 |
1 |
|
|a денежно-кредитное регулирование
|
| 610 |
1 |
|
|a инвестиционная политика
|
| 610 |
1 |
|
|a инвестиции
|
| 610 |
1 |
|
|a эффективность
|
| 610 |
1 |
|
|a население
|
| 610 |
1 |
|
|a занятость
|
| 610 |
1 |
|
|a кадровая политика
|
| 610 |
1 |
|
|a региональное развитие
|
| 610 |
1 |
|
|a научно-техническая политика
|
| 610 |
1 |
|
|a промышленная политика
|
| 610 |
1 |
|
|a агропромышленный комплекс
|
| 610 |
1 |
|
|a социальная сфера
|
| 610 |
1 |
|
|a природопользование
|
| 610 |
1 |
|
|a внешнеэкономическая политика
|
| 610 |
1 |
|
|a внешнеэкономическая деятельность
|
| 610 |
1 |
|
|a интеграция экономическая
|
| 610 |
1 |
|
|a Россия
|
| 610 |
1 |
|
|a СНГ
|
| 610 |
1 |
|
|a внешняя торговля
|
| 610 |
1 |
|
|a учебники
|
| 686 |
|
|
|a У011.31я73
|v LBC/SL-A
|2 rubbk
|
| 686 |
|
|
|a У9(2)0-18я73
|v LBC/SL-A
|2 rubbk
|
| 702 |
|
1 |
|a Кушлин
|b В. И.
|4 340
|
| 712 |
0 |
2 |
|a Российская Академия Государственной службы при Президенте РФ (РАГС)
|c (Москва)
|2 stltpush
|3 (RuTPU)RU\TPU\col\921
|
| 801 |
|
1 |
|a RU
|b 63413507
|c 20090622
|g PSBO
|
| 801 |
|
2 |
|a RU
|b 63413507
|c 20150528
|g RCR
|
| 900 |
|
|
|a Государственное регулирование национальной экономики
|
| 900 |
|
|
|a Государственное регулирование экономики и экономическая политика
|
| 900 |
|
|
|a Макроэкономика
|
| 942 |
|
|
|c BK
|
| 955 |
|
|
|a 521600
|
| 959 |
|
|
|a 74/20090619
|d 2
|e 406,00
|f АНЛ:1
|f ЧЗГЛ:1
|